| 000 | 00860nam a22002417a 4500 | ||
|---|---|---|---|
| 003 | Ost | ||
| 005 | 20251107120213.0 | ||
| 008 | 250903t20132006ii ||||| |||| 00| 0 eng d | ||
| 020 | _a9788126539079 | ||
| 040 | _cBT-PhCST | ||
| 050 | _a25537-25539 | ||
| 082 |
_222 _a621.3822051 _bMOR |
||
| 100 |
_4 _aMorelos-Zaragoza, Robert H. |
||
| 245 | _aThe art of error correcting coding / | ||
| 250 | _a2nd ed. | ||
| 260 |
_aUSA : _bJohn Wiley & Sons, _cc2006. |
||
| 260 | _cReprint 2003. | ||
| 300 |
_ax, 263 p. : _bill. ; _c23 cm. |
||
| 500 | _aThis edition provides an essential resource to engineers, computer scientists and graduate students alike for understanding and applying ECC techniques in the transmission and storage of digital information. | ||
| 504 | _aIncludes bibliography and index. | ||
| 650 | _2Error Correcting Coding. | ||
| 942 |
_2ddc _cECE |
||
| 999 |
_c10111 _d10111 |
||